[Event "NED-ch rapid (Women) 5th"]
[Site "Amstelveen"]
[Date "2019.12.01"]
[Round "1"]
[White "Roebers, Eline"]
[Black "Muhren, Bianca"]
[Result "1-0"]
[WhiteElo "2062"]
[BlackElo "2249"]
[PlyCount "115"]
[EventDate "2019.12.01"]
[EventType "tourn (rapid)"]
[EventRounds "7"]
[EventCountry "NED"]
[SourceTitle "CBM 193 Extra"]
[Source "ChessBase"]
[SourceDate "2020.01.31"]
[SourceVersion "1"]
[SourceVersionDate "2020.01.31"]
[SourceQuality "1"]

1. e4 c5 2. Nf3 e6 3. d4 cxd4 4. Nxd4 Nc6 5. Nc3 Qc7 6. f4 a6 7. Nxc6 dxc6 8. e5 Ne7 9. Ne4 Nf5 10. Be2 c5 11. 0-0 Bd7 12. g4 Nd4 13. c3 Nxe2+ 14. Qxe2 0-0-0 15. Be3 Bc6 16. Bf2 Bxe4 17. Qxe4 Rd2 18. b4 Be7 19. b5 axb5 20. a4 Qc6 21. Qxc6+ bxc6 22. axb5 Kb7 23. Rfb1 Rhd8 24. c4 cxb5 25. Rxb5+ Kc6 26. Ra7 Bf8 27. Rba5 Rb8 28. R5a6+ Rb6 29. Rxb6+ Kxb6 30. Rxf7 Rd8 31. Bh4 Rb8 32. f5 exf5 33. e6 fxg4 34. e7 Bxe7 35. Rxe7 Ka5 36. Rxg7 h5 37. Rg5 Rb1+ 38. Kg2 Rb2+ 39. Kg3 Kb4 40. Rxh5 Kxc4 41. Be7 Rb5 42. Kxg4 Kd4 43. Bxc5+ Ke4 44. Bf2 Rb2 45. Bg3 Ra2 46. Rh8 Kd5 47. h4 Ke6 48. Rf8 Ke7 49. Rf1 Ra4+ 50. Rf4 Ra8 51. h5 Rg8+ 52. Kh3 Rh8 53. Bh4+ Ke6 54. Kg4 Rg8+ 55. Bg5 Rh8 56. h6 Rh7 57. Kh5 Rh8 58. Bf6 1-0

[Event "NED-ch rapid (Women)"]
[Site "Amstelveen"]
[Date "2016.10.30"]
[Round "1"]
[White "Muhren, Bianca"]
[Black "Haast, Anne"]
[Result "0-1"]
[WhiteElo "2270"]
[BlackElo "2321"]
[PlyCount "122"]
[EventDate "2016.10.30"]
[EventType "tourn (rapid)"]
[EventRounds "7"]
[EventCountry "NED"]
[EventCategory "1"]
[SourceTitle "EXT 2018"]
[Source "ChessBase"]
[SourceDate "2017.10.13"]
[SourceVersion "1"]
[SourceVersionDate "2017.10.13"]
[SourceQuality "1"]

1. e4 c5 2. Nf3 e6 3. d4 cxd4 4. Nxd4 Nc6 5. Nc3 Qc7 6. Be2 a6 7. 0-0 Nf6 8. Be3 Be7 9. f4 d6 10. a4 0-0 11. Kh1 Re8 12. Bf3 Bd7 13. Nb3 Na5 14. Nxa5 Qxa5 15. Qe1 Qc7 16. a5 e5 17. Bb6 Qc8 18. f5 d5 19. exd5 Bxf5 20. Qxe5 Ba3 21. Qxe8+ Qxe8 22. Rxa3 Bxc2 23. d6 Qd7 24. Bc7 Rf8 25. Bxb7 Ne8 26. Nd5 Nxd6 27. Bxa6 Nf5 28. Bc4 Be4 29. a6 Bxd5 30. Bxd5 Qxd5 31. a7 Nh4 32. Rg1 Re8 33. Bg3 Nf5 34. Bb8 Qa8 35. Rb3 Nd4 36. Rd3 Nc6 37. Rb3 Nxb8 38. axb8Q Rxb8 39. Rxb8+ Qxb8 40. Re1 h5 41. Re2 Qb5 42. Rf2 Qc5 43. Rf1 Qc2 44. b4 Qb2 45. h3 Qxb4 46. Rf3 g6 47. Kh2 Kg7 48. Rf1 h4 49. Rf3 Qd6+ 50. Kh1 f5 51. Rf1 Qd4 52. Rf3 Kf6 53. Kh2 Qe5+ 54. Kh1 g5 55. Rf1 Kg6 56. Rf3 g4 57. hxg4 fxg4 58. Rf1 Qe2 59. Rg1 Kg5 60. Kh2 g3+ 61. Kh1 h3 0-1

[Event "NED-ch rapid (Women)"]
[Site "Amstelveen"]
[Date "2016.10.30"]
[Round "2"]
[White "Peng, Zhaoqin"]
[Black "Muhren, Bianca"]
[Result "1-0"]
[WhiteElo "2379"]
[BlackElo "2270"]
[PlyCount "99"]
[EventDate "2016.10.30"]
[EventType "tourn (rapid)"]
[EventRounds "7"]
[EventCountry "NED"]
[EventCategory "1"]
[SourceTitle "EXT 2018"]
[Source "ChessBase"]
[SourceDate "2017.10.13"]
[SourceVersion "1"]
[SourceVersionDate "2017.10.13"]
[SourceQuality "1"]

1. d4 d5 2. Nf3 Nf6 3. c3 e6 4. Bg5 Be7 5. Nbd2 b6 6. e3 Bb7 7. a4 a5 8. Bd3 h6 9. Bh4 0-0 10. 0-0 c5 11. Qe2 Nbd7 12. Bb5 Ne4 13. Bxe7 Qxe7 14. Nxe4 dxe4 15. Nd2 Nf6 16. Nc4 Nd5 17. Ne5 Rfc8 18. Qg4 cxd4 19. exd4 f5 20. Qg3 Rc7 21. Rae1 Rd8 22. h4 Nf6 23. Nc4 Nd5 24. h5 Qf7 25. Qh4 Rcc8 26. Ne5 Qf6 27. Qg3 Qg5 28. Bd7 Rxd7 29. Qxg5 hxg5 30. Nxd7 Rd8 31. Ne5 Nf4 32. Rd1 Nxh5 33. g3 Nf6 34. c4 f4 35. Rfe1 Nh5 36. g4 Nf6 37. Kg2 Kf8 38. Rh1 e3+ 39. f3 Ke7 40. b3 Ba8 41. Rh3 Bb7 42. Kf1 Ba8 43. Ke2 Bb7 44. Kd3 Rc8 45. Rdh1 Ba6 46. Rh8 Rxh8 47. Rxh8 Nd5 48. Ra8 Nb4+ 49. Ke2 Kf6 50. Ra7 1-0

[Event "NED-ch rapid (Women)"]
[Site "Amstelveen"]
[Date "2016.10.30"]
[Round "7"]
[White "Schut, Lisa"]
[Black "Muhren, Bianca"]
[Result "1-0"]
[WhiteElo "2262"]
[BlackElo "2270"]
[PlyCount "97"]
[EventDate "2016.10.30"]
[EventType "tourn (rapid)"]
[EventRounds "7"]
[EventCountry "NED"]
[EventCategory "1"]
[SourceTitle "EXT 2018"]
[Source "ChessBase"]
[SourceDate "2017.10.13"]
[SourceVersion "1"]
[SourceVersionDate "2017.10.13"]
[SourceQuality "1"]

1. e4 c5 2. Nf3 e6 3. g3 Nc6 4. Bg2 d6 5. d4 cxd4 6. Nxd4 Qc7 7. 0-0 Bd7 8. c4 a6 9. Be3 Rc8 10. Nd2 Nf6 11. Rc1 Ne5 12. h3 Nd3 13. Rb1 b5 14. cxb5 axb5 15. Qe2 Nc5 16. Nxb5 Qb8 17. Nc3 Be7 18. Rfc1 0-0 19. b4 Na4 20. Nxa4 Rxc1+ 21. Rxc1 Bxa4 22. a3 Nd7 23. Qc4 Bf6 24. Qc7 Bb5 25. Qxb8 Rxb8 26. Nc4 Be7 27. Na5 Ne5 28. Bf1 Bxf1 29. Kxf1 Ra8 30. f4 Nd3 31. Rc2 Kf8 32. Ke2 Nc5 33. bxc5 Rxa5 34. c6 Ra8 35. c7 Rc8 36. a4 Ke8 37. a5 Kd7 38. Bb6 Ra8 39. Kd3 Kc8 40. Kc4 Kb7 41. Kb5 Kc8 42. a6 Bf8 43. e5 d5 44. f5 g6 45. fxe6 fxe6 46. Rc6 Kd7 47. c8Q+ Rxc8 48. Rxc8 Kxc8 49. Kc6 1-0

[Event "EU-Cup (Women) 20th"]
[Site "Skopje"]
[Date "2015.10.22"]
[Round "5.2"]
[White "Muhren, Bianca"]
[Black "Khotenashvili, Bela"]
[Result "0-1"]
[WhiteElo "2300"]
[BlackElo "2502"]
[PlyCount "104"]
[EventDate "2015.10.18"]
[EventType "team-swiss"]
[EventRounds "7"]
[EventCountry "MKD"]
[SourceTitle "CBM 168 Extra"]
[Source "ChessBase"]
[SourceDate "2015.10.29"]
[SourceVersion "1"]
[SourceVersionDate "2015.10.29"]
[SourceQuality "1"]
[WhiteTeam "De Stukkenjagers (W)"]
[BlackTeam "Nona (W)"]
[WhiteTeamCountry "NED"]
[BlackTeamCountry "GEO"]

1. e4 e5 2. Nf3 Nc6 3. Nc3 Nf6 4. d4 exd4 5. Nxd4 Bb4 6. Nxc6 bxc6 7. Bd3 0-0 8. 0-0 Re8 9. Bg5 h6 10. Bh4 Rb8 11. f4 Be7 12. Qf3 d5 13. e5 Nd7 14. Bg3 Bf8 15. Rae1 Nc5 16. Nd1 Nxd3 17. Qxd3 Rb6 18. Qd2 Bf5 19. c3 a5 20. Kh1 a4 21. a3 Qd7 22. Bf2 Rb3 23. Bd4 c5 24. Bg1 d4 25. Rf3 Rd8 26. Qf2 Qc6 27. Qh4 Rd7 28. Ref1 Be7 29. Qh5 Qg6 30. Qxg6 fxg6 31. R1f2 Be4 32. Rh3 c4 33. Re2 Bf5 34. Rg3 c5 35. h3 h5 36. Kh2 Kf7 37. Rf3 Ke6 38. g3 g5 39. Rf1 Bd3 40. f5+ Bxf5 41. Ref2 g6 42. Re1 Bd8 43. Kg2 g4 44. h4 Rd5 45. Rfe2 Ba5 46. Rf1 dxc3 47. bxc3 Bxc3 48. Nxc3 Rxc3 49. Ra1 Rb3 50. Bf2 c3 51. Be1 c2 52. Ba5 Rb1 0-1

[Event "EU-Cup (Women) 20th"]
[Site "Skopje"]
[Date "2015.10.21"]
[Round "4.2"]
[White "Goryachkina, Aleksandra"]
[Black "Muhren, Bianca"]
[Result "1/2-1/2"]
[WhiteElo "2480"]
[BlackElo "2300"]
[PlyCount "65"]
[EventDate "2015.10.18"]
[EventType "team-swiss"]
[EventRounds "7"]
[EventCountry "MKD"]
[SourceTitle "CBM 168 Extra"]
[Source "ChessBase"]
[SourceDate "2015.10.29"]
[SourceVersion "1"]
[SourceVersionDate "2015.10.29"]
[SourceQuality "1"]
[WhiteTeam "Asseko See (W)"]
[BlackTeam "De Stukkenjagers (W)"]
[WhiteTeamCountry "MKD"]
[BlackTeamCountry "NED"]

1. d4 d5 2. c4 dxc4 3. Nf3 Nf6 4. e3 e6 5. Bxc4 a6 6. 0-0 b5 7. Bd3 Bb7 8. a4 b4 9. Nbd2 Nbd7 10. Qe2 c5 11. e4 cxd4 12. e5 Nd5 13. Nb3 Nc5 14. Nxc5 Bxc5 15. Bd2 Qc7 16. Rac1 Nc3 17. bxc3 dxc3 18. Be3 Bxf3 19. Qxf3 0-0 20. Rfe1 a5 21. Qe4 g6 22. Qc4 Rac8 23. Qxc5 Qxc5 24. Bxc5 Rxc5 25. Bc2 Rd8 26. Kf1 Rd2 27. Re3 Kg7 28. h4 h5 29. g3 Kh6 30. Ke1 Kg7 31. Kf1 Kh6 32. Ke1 Kg7 33. Kf1 1/2-1/2

[Event "EU-Cup (Women) 20th"]
[Site "Skopje"]
[Date "2015.10.19"]
[Round "2.2"]
[White "Muhren, Bianca"]
[Black "Mkrtchian, Lilit"]
[Result "1/2-1/2"]
[WhiteElo "2300"]
[BlackElo "2445"]
[PlyCount "53"]
[EventDate "2015.10.18"]
[EventType "team-swiss"]
[EventRounds "7"]
[EventCountry "MKD"]
[SourceTitle "CBM 168 Extra"]
[Source "ChessBase"]
[SourceDate "2015.10.29"]
[SourceVersion "1"]
[SourceVersionDate "2015.10.29"]
[SourceQuality "1"]
[WhiteTeam "De Stukkenjagers (W)"]
[BlackTeam "Ugra (W)"]
[WhiteTeamCountry "NED"]
[BlackTeamCountry "RUS"]

1. e4 e5 2. Nf3 Nc6 3. Nc3 Nf6 4. Bb5 Bd6 5. a3 a6 6. Bc4 Bc5 7. d3 d6 8. Be3 Nd4 9. Bxd4 exd4 10. Nd5 c6 11. Nxf6+ Qxf6 12. Qd2 Be6 13. 0-0 0-0 14. Bxe6 fxe6 15. Qg5 e5 16. Qxf6 Rxf6 17. Nd2 Raf8 18. g3 R8f7 19. Kg2 Kf8 20. f3 Ke7 21. Rf2 Rf8 22. Rff1 Kd7 23. Rf2 R6f7 24. Rff1 Rf6 25. Rf2 R6f7 26. Rff1 Rf6 27. Rf2 1/2-1/2

[Event "NED-ch rapid (Women)"]
[Site "Amstelveen"]
[Date "2015.10.04"]
[Round "1"]
[White "Paulet, Iozefina"]
[Black "Muhren, Bianca"]
[Result "1/2-1/2"]
[WhiteElo "2184"]
[BlackElo "2300"]
[PlyCount "131"]
[EventDate "2015.10.04"]
[EventType "tourn (rapid)"]
[EventRounds "7"]
[EventCountry "NED"]
[EventCategory "1"]
[SourceTitle "CBM 168 Extra"]
[Source "ChessBase"]
[SourceDate "2015.10.29"]
[SourceVersion "1"]
[SourceVersionDate "2015.10.29"]
[SourceQuality "1"]

1. e4 c5 2. Nc3 e6 3. Nf3 Nc6 4. d4 cxd4 5. Nxd4 Qc7 6. Be3 a6 7. Be2 Nf6 8. 0-0 Be7 9. f4 d6 10. a4 0-0 11. Nb3 b6 12. Qe1 Nb4 13. Bd3 Bb7 14. h3 Rac8 15. Qf2 Nd7 16. Kh1 Nc5 17. Nxc5 bxc5 18. Rfe1 d5 19. exd5 exd5 20. f5 Nxd3 21. cxd3 d4 22. Bf4 Qd7 23. Nb1 Rfe8 24. Bg3 Bg5 25. Na3 Rxe1+ 26. Rxe1 Be3 27. Qf1 Rc6 28. Nc4 Rh6 29. Kh2 Qxa4 30. Nxe3 dxe3 31. Rxe3 Rb6 32. Qe2 h6 33. Be5 Bd5 34. f6 g6 35. Bg3 Re6 36. Rxe6 Bxe6 37. Qe5 Qc6 38. Qb8+ Qc8 39. Qf4 Kh7 40. Bf2 Bf5 41. h4 Bxd3 42. Be3 Qf8 43. Qc7 c4 44. Qe7 Qg8 45. Qd6 a5 46. Qc7 a4 47. Qd7 Be4 48. Bf4 Bf5 49. Qxa4 Be6 50. Qd1 Qe8 51. Qd2 Qf8 52. Qe3 Bf5 53. Qd2 Be6 54. Qc1 Bd5 55. Qe3 Be6 56. h5 gxh5 57. Qe4+ Kh8 58. Qe5 Bg4 59. Qd5 Be6 60. Qxh5 Kh7 61. Qe5 Qg8 62. Qe4+ Qg6 63. Qxg6+ Kxg6 64. Be5 Kf5 65. Bc3 Kg4 66. g3 1/2-1/2

[Event "NED-ch rapid (Women)"]
[Site "Amstelveen"]
[Date "2015.10.04"]
[Round "5"]
[White "Schut, Lisa"]
[Black "Muhren, Bianca"]
[Result "0-1"]
[WhiteElo "2262"]
[BlackElo "2300"]
[PlyCount "42"]
[EventDate "2015.10.04"]
[EventType "tourn (rapid)"]
[EventRounds "7"]
[EventCountry "NED"]
[EventCategory "1"]
[SourceTitle "CBM 168 Extra"]
[Source "ChessBase"]
[SourceDate "2015.10.29"]
[SourceVersion "1"]
[SourceVersionDate "2015.10.29"]
[SourceQuality "1"]

1. e4 c5 2. Nf3 e6 3. g3 d5 4. exd5 exd5 5. d4 Nf6 6. Bg2 Be7 7. 0-0 0-0 8. dxc5 Bxc5 9. Nbd2 Nc6 10. Nb3 Be7 11. Nbd4 Bg4 12. Re1 Rc8 13. c3 Re8 14. h3 Bh5 15. Nf5 Bc5 16. Bg5 Rxe1+ 17. Qxe1 Qd7 18. Nh6+ gxh6 19. Bxf6 Qe6 20. Be5 Bxf3 21. Bxf3 Nxe5 0-1

[Event "NED-ch (Women)"]
[Site "Amsterdam"]
[Date "2015.07.12"]
[Round "7"]
[White "Haast, Anne"]
[Black "Muhren, Bianca"]
[Result "1/2-1/2"]
[WhiteElo "2371"]
[BlackElo "2329"]
[PlyCount "45"]
[EventDate "2015.07.05"]
[EventType "tourn"]
[EventRounds "7"]
[EventCountry "NED"]
[SourceTitle "CBM 167 Extra"]
[Source "ChessBase"]
[SourceDate "2015.09.14"]
[SourceVersion "1"]
[SourceVersionDate "2015.09.14"]
[SourceQuality "1"]

1. e4 c5 2. Nf3 e6 3. g3 d5 4. exd5 exd5 5. d4 Nc6 6. Bg2 Bg4 7. 0-0 Nxd4 8. Qe1+ Ne6 9. c4 Nf6 10. cxd5 Nxd5 11. Qe4 Bxf3 12. Bxf3 Nb4 13. Qxb7 Rb8 14. Qe4 Qd4 15. Nc3 Qxe4 16. Bxe4 Nd4 17. Bf4 Rb6 18. a3 Nbc6 19. Rfe1 Kd7 20. Rab1 Bd6 21. Bxd6 Kxd6 22. Bxc6 Kxc6 23. Re7 1/2-1/2

[Event "NED-ch (Women)"]
[Site "Amsterdam"]
[Date "2015.07.11"]
[Round "6"]
[White "Muhren, Bianca"]
[Black "Kazarian, Anna Maja"]
[Result "0-1"]
[WhiteElo "2329"]
[BlackElo "2120"]
[PlyCount "136"]
[EventDate "2015.07.05"]
[EventType "tourn"]
[EventRounds "7"]
[EventCountry "NED"]
[SourceTitle "CBM 167 Extra"]
[Source "ChessBase"]
[SourceDate "2015.09.14"]
[SourceVersion "1"]
[SourceVersionDate "2015.09.14"]
[SourceQuality "1"]

1. e4 e6 2. d4 d5 3. Nc3 Nf6 4. e5 Nfd7 5. f4 c5 6. Nf3 Nc6 7. Be3 a6 8. Qd2 b5 9. dxc5 Bxc5 10. Bd3 Qb6 11. Bf2 Bb7 12. a3 Rc8 13. 0-0 Bxf2+ 14. Rxf2 Nc5 15. b4 Nxd3 16. Qxd3 Ne7 17. Ne2 Nf5 18. Ned4 Nxd4 19. Nxd4 Rc4 20. Rd1 0-0 21. f5 exf5 22. Nxf5 Rf4 23. Rdf1 Re8 24. e6 fxe6 25. Ne3 Rxf2 26. Rxf2 Rf8 27. Rxf8+ Kxf8 28. Kf2 d4 29. Ng4 Qc6 30. Qxd4 Qxg2+ 31. Ke3 Qf3+ 32. Kd2 Qd5 33. Ke3 Qxd4+ 34. Kxd4 Ke7 35. Ke5 h5 36. Nf2 Bg2 37. Nd3 g5 38. Nc5 Bd5 39. Nd3 h4 40. Nf2 Bf3 41. c3 g4 42. Kf4 Kf6 43. Nd3 Be2 44. Nc5 e5+ 45. Ke3 Bf3 46. Kf2 Kf5 47. Nxa6 Kf4 48. Nc7 g3+ 49. hxg3+ hxg3+ 50. Kg1 Bc6 51. Ne6+ Ke3 52. Ng7 Kd3 53. Nf5 g2 54. Kf2 Kxc3 55. Ne3 Kb3 56. Ng4 Kxa3 57. Nxe5 Be4 58. Nf7 Kxb4 59. Nd6 Bc6 60. Kg1 Kc5 61. Nf5 b4 62. Ne3 b3 63. Nd1 Kb4 64. Kf2 Ka3 65. Ne3 b2 66. Nc4+ Ka2 67. Nxb2 Kxb2 68. Kg1 Kc2 0-1

[Event "NED-ch (Women)"]
[Site "Amsterdam"]
[Date "2015.07.06"]
[Round "2"]
[White "Ratsma, Rosa"]
[Black "Muhren, Bianca"]
[Result "1-0"]
[WhiteElo "2088"]
[BlackElo "2329"]
[PlyCount "113"]
[EventDate "2015.07.05"]
[EventType "tourn"]
[EventRounds "7"]
[EventCountry "NED"]
[SourceTitle "CBM 167 Extra"]
[Source "ChessBase"]
[SourceDate "2015.09.14"]
[SourceVersion "1"]
[SourceVersionDate "2015.09.14"]
[SourceQuality "1"]

1. e4 c5 2. Nf3 e6 3. b3 a6 4. Bb2 d6 5. d4 cxd4 6. Nxd4 Nf6 7. Bd3 Nbd7 8. 0-0 Qc7 9. Re1 Be7 10. c4 0-0 11. Nc3 Nc5 12. Bf1 b6 13. g3 Bb7 14. Bg2 Rfe8 15. Qe2 Rad8 16. Rad1 Qb8 17. f3 Bf8 18. Nc2 g6 19. Ne3 Bg7 20. Rd2 Bc6 21. Red1 Bf8 22. Ncd5 Nxd5 23. cxd5 Bb5 24. Qf2 e5 25. f4 f6 26. Qf3 Bg7 27. f5 g5 28. Qh5 Re7 29. Bf3 a5 30. Qh3 Qa7 31. Qg2 Kh8 32. Kh1 Be8 33. Be2 b5 34. Nc2 Bf8 35. Na3 Rb8 36. Qf3 h5 37. Rc2 Rh7 38. Bc1 Bh6 39. Qg2 g4 40. Bb2 Be3 41. Bc1 Na6 42. Nxb5 Bxb5 43. Bxb5 Rxb5 44. Rc8+ Kg7 45. Qe2 Qd7 46. Bxe3 Rxb3 47. Rdc1 Qb5 48. Qxb5 Rxb5 49. R1c6 Rb1+ 50. Kg2 Rb2+ 51. Kf1 Rb1+ 52. Ke2 Rb2+ 53. Kd1 Rb1+ 54. Kc2 Re1 55. Kd2 Rxe3 56. Kxe3 Nb4 57. Rxd6 1-0

[Event "Olympiad Women-41"]
[Site "Tromsoe"]
[Date "2014.08.08"]
[Round "6.3"]
[White "Muhren, Bianca"]
[Black "Cyfka, Karina"]
[Result "1-0"]
[WhiteElo "2314"]
[BlackElo "2380"]
[PlyCount "123"]
[EventDate "2014.08.02"]
[EventType "team-swiss"]
[EventRounds "11"]
[EventCountry "NOR"]
[SourceTitle "CBM 162"]
[Source "ChessBase"]
[SourceDate "2014.09.17"]
[SourceVersion "1"]
[SourceVersionDate "2014.09.17"]
[SourceQuality "1"]
[WhiteTeam "Netherlands (W)"]
[BlackTeam "Poland (W)"]
[WhiteTeamCountry "NED"]
[BlackTeamCountry "POL"]

1. e4 e5 2. Nf3 Nc6 3. Nc3 Nf6 4. Bb5 Bb4 5. 0-0 0-0 6. d3 Bxc3 7. bxc3 d6 8. Re1 Qe7 9. h3 Nd8 10. d4 a6 11. Bd3 c5 12. a4 h6 13. Be3 Qc7 14. Qc1 Nh7 15. Qa3 Ne6 16. dxe5 dxe5 17. Bc4 Nd4 18. cxd4 cxd4 19. Bxd4 exd4 20. Qd3 Ng5 21. Nxg5 hxg5 22. Qxd4 g4 23. Re3 Be6 24. Bd5 Bxd5 25. exd5 Qxc2 26. Qxg4 Rad8 27. Rg3 Qb2 28. Rd1 Rd6 29. Rd4 g6 30. Qf4 Rc8 31. Kh2 Rcd8 32. Rf3 R6d7 33. Qe5 Rd6 34. Rff4 Qb1 35. Rh4 f6 36. Qe7 g5 37. Rh6 Qf5 38. Rc4 R6d7 39. Qxf6 Qxf6 40. Rxf6 Rxd5 41. Rc7 b5 42. Rxa6 bxa4 43. Rxa4 Rd2 44. Kg3 Rf8 45. f3 Rb8 46. Ra5 Kh8 47. Raa7 Re8 48. Rh7+ Kg8 49. Rag7+ Kf8 50. Rxg5 Ree2 51. Kh2 Rf2 52. Rg3 Rf1 53. Ra7 Rc2 54. h4 Rff2 55. Kh3 Rf1 56. Rg4 Rh1+ 57. Kg3 Rg1 58. Kh2 Rb1 59. Rd4 Ke8 60. Rdd7 Rbb2 61. Rg7 Kf8 62. Kh3 1-0

[Event "Olympiad Women-41"]
[Site "Tromsoe"]
[Date "2014.08.06"]
[Round "5.4"]
[White "Muhren, Bianca"]
[Black "Aranaz Murillo, Amalia"]
[Result "1-0"]
[WhiteElo "2314"]
[BlackElo "2314"]
[PlyCount "57"]
[EventDate "2014.08.02"]
[EventType "team-swiss"]
[EventRounds "11"]
[EventCountry "NOR"]
[SourceTitle "CBM 162"]
[Source "ChessBase"]
[SourceDate "2014.09.17"]
[SourceVersion "1"]
[SourceVersionDate "2014.09.17"]
[SourceQuality "1"]
[WhiteTeam "Netherlands (W)"]
[BlackTeam "Spain (W)"]
[WhiteTeamCountry "NED"]
[BlackTeamCountry "ESP"]

1. e4 c6 2. d4 d5 3. Nc3 dxe4 4. Nxe4 Bf5 5. Ng3 Bg6 6. Nh3 e6 7. Nf4 Bd6 8. h4 Qc7 9. Nxg6 hxg6 10. Ne4 Bf4 11. Bxf4 Qxf4 12. Ng5 Nf6 13. g3 Qd6 14. Qd2 Nbd7 15. Bc4 Nb6 16. Bb3 Nbd5 17. 0-0-0 b5 18. c3 a5 19. Rde1 a4 20. Bc2 a3 21. b4 0-0 22. Qd3 Rfd8 23. h5 Nxb4 24. cxb4 Qxb4 25. hxg6 Qb2+ 26. Kd2 Qb4+ 27. Ke2 fxg6 28. Qxg6 Ra7 29. Bb3 1-0

[Event "Rosmalen Calder Cup Duomatch"]
[Site "Rosmalen"]
[Date "2014.06.28"]
[Round "6.2"]
[White "Muhren, Bianca"]
[Black "Haast, Anne"]
[Result "1-0"]
[WhiteElo "2296"]
[BlackElo "2296"]
[PlyCount "45"]
[EventDate "2014.06.28"]
[EventType "schev (rapid)"]
[EventRounds "8"]
[EventCountry "NED"]
[SourceTitle "CBM 161 Extra"]
[Source "ChessBase"]
[SourceDate "2014.08.29"]
[SourceVersion "1"]
[SourceVersionDate "2014.08.29"]
[SourceQuality "1"]

1. e4 c5 2. Nc3 Nc6 3. Bb5 Nd4 4. Bc4 e6 5. Nge2 Ne7 6. Nxd4 cxd4 7. Nb5 Nc6 8. c3 d5 9. exd5 exd5 10. Bxd5 Ne7 11. Be4 Bf5 12. Qf3 Bxe4 13. Qxe4 dxc3 14. dxc3 Qd7 15. a4 a6 16. Qxb7 Qxb7 17. Nd6+ Kd7 18. Nxb7 Nc6 19. Be3 Rb8 20. Nc5+ Bxc5 21. Bxc5 Rhe8+ 22. Be3 Rxb2 23. 0-0-0+ 1-0

[Event "Rosmalen Calder Cup Duomatch"]
[Site "Rosmalen"]
[Date "2014.06.28"]
[Round "4.1"]
[White "Muhren, Bianca"]
[Black "Kuipers, Stefan"]
[Result "0-1"]
[WhiteElo "2296"]
[BlackElo "2389"]
[PlyCount "88"]
[EventDate "2014.06.28"]
[EventType "schev (rapid)"]
[EventRounds "8"]
[EventCountry "NED"]
[SourceTitle "CBM 161 Extra"]
[Source "ChessBase"]
[SourceDate "2014.08.29"]
[SourceVersion "1"]
[SourceVersionDate "2014.08.29"]
[SourceQuality "1"]

1. e4 d6 2. d4 Nf6 3. Nc3 e5 4. Nf3 Nbd7 5. Bc4 Be7 6. 0-0 exd4 7. Qxd4 Nb6 8. Bd3 0-0 9. e5 dxe5 10. Qxe5 Bg4 11. Bg5 Bxf3 12. Bxf6 Bxf6 13. Qf5 g6 14. Qxf3 c6 15. Rad1 Bxc3 16. bxc3 Qg5 17. g3 Kg7 18. Rfe1 Rfe8 19. h4 Qf6 20. Be4 Rad8 21. h5 Qxf3 22. Bxf3 g5 23. Bg4 Rxe1+ 24. Rxe1 Kf6 25. Re2 Na4 26. c4 Rd4 27. Bc8 Nc5 28. Re8 Rxc4 29. g4 h6 30. Bf5 Kg7 31. Re7 a5 32. Bg6 Rxg4+ 33. Kf1 Rf4 34. Ke2 Kf8 35. Re5 Nd7 36. Rf5 Rxf5 37. Bxf5 Nf6 38. Kd3 Ke7 39. Kc4 Kd6 40. Bd3 Nxh5 41. Kd4 Nf4 42. Bf1 f5 43. c4 c5+ 44. Ke3 Ke5 0-1

[Event "Rosmalen Calder Cup Duomatch"]
[Site "Rosmalen"]
[Date "2014.06.28"]
[Round "8.1"]
[White "Muhren, Bianca"]
[Black "Kuipers, Stefan"]
[Result "1-0"]
[WhiteElo "2296"]
[BlackElo "2389"]
[PlyCount "121"]
[EventDate "2014.06.28"]
[EventType "schev (rapid)"]
[EventRounds "8"]
[EventCountry "NED"]
[SourceTitle "CBM 161 Extra"]
[Source "ChessBase"]
[SourceDate "2014.08.29"]
[SourceVersion "1"]
[SourceVersionDate "2014.08.29"]
[SourceQuality "1"]

1. e4 d5 2. exd5 Nf6 3. c4 e6 4. d4 exd5 5. Nc3 Bb4 6. Bd3 dxc4 7. Bxc4 0-0 8. Nge2 h6 9. 0-0 c6 10. Bf4 Nbd7 11. a3 Be7 12. Qd3 Nb6 13. Ba2 Nbd5 14. Be5 Be6 15. Qg3 Qd7 16. Ne4 Nh5 17. Qd3 Bf5 18. Rad1 Kh8 19. Bb1 Bg6 20. Qf3 Nhf6 21. N2g3 Kg8 22. h3 Rae8 23. Rfe1 Bh7 24. Nc5 Bxc5 25. Bxh7+ Nxh7 26. dxc5 Ng5 27. Qf5 Qxf5 28. Nxf5 f6 29. Bd6 Rxe1+ 30. Rxe1 Rd8 31. Ne7+ Nxe7 32. Rxe7 Nf7 33. Rxb7 Nxd6 34. cxd6 Rxd6 35. Rxa7 Rd1+ 36. Kh2 Rd2 37. Rb7 Rxf2 38. a4 Rf1 39. a5 Ra1 40. b4 Ra4 41. Rb6 Kf7 42. a6 Kg6 43. Kg3 Kf5 44. Kf3 Ke5 45. Rxc6 Rxb4 46. Rc7 g5 47. Rc5+ Kd6 48. Ra5 Rb8 49. a7 Ra8 50. Ke4 Ke6 51. Ra6+ Kf7 52. Kf5 Kg7 53. Ke6 Kg6 54. Kd6 Kf5 55. Ra4 h5 56. Kc6 g4 57. hxg4+ hxg4 58. Kb7 Rh8 59. a8Q Rxa8 60. Kxa8 Kg5 61. g3 1-0